Free exercise takes center stage : (Record no. 21849)
[ view plain ]
| 000 -LEADER | |
|---|---|
| fixed length control field | 00935nam a22002297a 4500 |
| 003 - CONTROL NUMBER IDENTIFIER | |
| control field | OSt |
| 005 - DATE AND TIME OF LATEST TRANSACTION | |
| control field | 20250820101103.0 |
| 008 - FIXED-LENGTH DATA ELEMENTS--GENERAL INFORMATION | |
| fixed length control field | 240924b ||||| |||| 00| 0 eng d |
| 040 ## - CATALOGING SOURCE | |
| Transcribing agency | 0 |
| 082 ## - DEWEY DECIMAL CLASSIFICATION NUMBER | |
| Classification number | DPer 371.206005 J826 Summer-Fall 2022 v. 48 n. 1-2 |
| 100 ## - MAIN ENTRY--PERSONAL NAME | |
| Personal name | Sutton, Lenford C. |
| Relator term | author. |
| 9 (RLIN) | 61632 |
| 245 ## - TITLE STATEMENT | |
| Title | Free exercise takes center stage : |
| Remainder of title | the right to court and the right to religion / |
| Statement of responsibility, etc. | Lenford C. Sutton, Alisa Bhattacharya, and Mary Ann Schloz. |
| 260 ## - PUBLICATION, DISTRIBUTION, ETC. (IMPRINT) | |
| Place of publication, distribution, etc. | Illinois ; |
| Name of publisher, distributor, etc. | University of Illinois Press , |
| Date of publication, distribution, etc. | Fall 2022. |
| 300 ## - PHYSICAL DESCRIPTION | |
| Extent | volume 115, pages 187-210 : |
| Other physical details | illustration ; |
| Dimensions | 26 cm. |
| 500 ## - GENERAL NOTE | |
| General note | Journal of Education Finance, vol. 48, no. 2, pages 187-210, Fall 2022. |
| 650 #0 - SUBJECT ADDED ENTRY--TOPICAL TERM | |
| Topical term or geographic name as entry element | Religiousness. |
| 9 (RLIN) | 22128 |
| 650 #0 - SUBJECT ADDED ENTRY--TOPICAL TERM | |
| Topical term or geographic name as entry element | Right to court. |
| 9 (RLIN) | 64891 |
| 700 ## - ADDED ENTRY--PERSONAL NAME | |
| Personal name | Sutton, Lenford C. |
| Relator term | author. |
| 9 (RLIN) | 61632 |
| 700 ## - ADDED ENTRY--PERSONAL NAME | |
| Personal name | Bhattacharya, Alisa. |
| Relator term | author. |
| 9 (RLIN) | 61633 |
| 700 ## - ADDED ENTRY--PERSONAL NAME | |
| Personal name | Schloz, Mary Ann. |
| Relator term | author. |
| 9 (RLIN) | 61634 |
| 942 ## - ADDED ENTRY ELEMENTS (KOHA) | |
| Source of classification or shelving scheme | Dewey Decimal Classification |
| Koha item type | Periodicals |
| Withdrawn status | Lost status | Source of classification or shelving scheme | Damaged status | Not for loan | Collection code | Home library | Current library | Date acquired | Total Checkouts | Full call number | Date last seen | Price effective from | Koha item type | Public note |
|---|---|---|---|---|---|---|---|---|---|---|---|---|---|---|
| Dewey Decimal Classification | Periodicals | UM Digos College - LIC | UM Digos College - LIC | 09/24/2024 | DPer 371.206005 J826 Summer-Fall 2022 v. 48 n. 1-2 | 09/24/2024 | 09/24/2024 | Periodicals | Periodical Article |
